Sustainable refurbishment of Victorian housing (Record no. 106008)
[ view plain ]
| 000 -LEADER | |
|---|---|
| fixed length control field | 01768cam a2200265 4500 |
| 001 - CONTROL NUMBER | |
| control field | ##L135333 |
| 008 - FIXED-LENGTH DATA ELEMENTS--GENERAL INFORMATION | |
| fixed length control field | 061016n2006 000 0 eng u |
| 020 ## - INTERNATIONAL STANDARD BOOK NUMBER | |
| International Standard Book Number | 1860819362 |
| -- | 9781860819360 |
| 035 ## - SYSTEM CONTROL NUMBER | |
| System control number | (Sirsi) u135333 |
| 041 0# - LANGUAGE CODE | |
| Language code of text/sound track or separate title | eng |
| 050 04 - LIBRARY OF CONGRESS CALL NUMBER | |
| Classification number | 690.231 $2 18 |
| 100 1# - MAIN ENTRY--PERSONAL NAME | |
| Personal name | Yates, Tim |
| 245 00 - TITLE STATEMENT | |
| Title | Sustainable refurbishment of Victorian housing |
| Remainder of title | guidance, assessment method and case studies |
| 260 ## - PUBLICATION, DISTRIBUTION, ETC. | |
| Place of publication, distribution, etc. | Garston |
| Name of publisher, distributor, etc. | BRE Trust |
| Date of publication, distribution, etc. | 2006 |
| 300 ## - PHYSICAL DESCRIPTION | |
| Extent | iv, 35p. |
| Other physical details | ill. |
| Dimensions | 30cm. |
| 350 ## - PRICE (NR) (BK AM CF MU VM SE) [OBSOLETE] | |
| Price | 30 |
| 505 1# - FORMATTED CONTENTS NOTE | |
| Formatted contents note | Background to refurbishing sustainable Victorian housing: refurbishment of a four-storey tenement in Greenock, Scotland -- Developing an assessment methodology: development of EcoHomes XB and EcoHomes XBC; benchmarking pre-1919 housing using EcoHomes XBC -- Case study one: the Nelson Housing Market Regeneration Scheme -- Case study two: the Flagship Home Project, Beaufort Gardens, London -- Case study three: the Nottingham Ecohome -- Annex: the ICOMOS Charter on Built Vernacular Heritage |
| 520 ## - SUMMARY, ETC. | |
| Summary, etc. | Sets out a method of assessing the refurbishment of traditionally built houses (1840-1919) similar to the method used in BREEAM EcoHomes. In particular, looks at competing requirements for modern energy and acoustic standards, whole building performance and the effects of durability, reliability and maintainability of the building fabric. Also considers the economic, environmental and social costs and benefits of retaining Victorian and Edwardian housing and develops a methodology that can be used in the assessment process. Includes case studies. |
| 590 ## - LOCAL NOTE (RLIN) | |
| Local note | KA |
| 650 24 - SUBJECT ADDED ENTRY--TOPICAL TERM | |
| Topical term or geographic name entry element | BRE ECOHOMES XBC |
| 651 #4 - SUBJECT ADDED ENTRY--GEOGRAPHIC NAME | |
| Geographic name | United Kingdom |
| Chronological subdivision | |
| 690 ## - LOCAL SUBJECT ADDED ENTRY--TOPICAL TERM (OCLC, RLIN) | |
| Topical term or geographic name as entry element | Refurbishment |
| 9 (RLIN) | 6264 |
| 710 2# - ADDED ENTRY--CORPORATE NAME | |
| Corporate name or jurisdiction name as entry element | Building Research Establishment |
| Subordinate unit | Trust |
| 9 (RLIN) | 5092 |
| 942 ## - ADDED ENTRY ELEMENTS (KOHA) | |
| Suppress in OPAC | 0 |
| Withdrawn status | Lost status | Source of classification or shelving scheme | Damaged status | Not for loan | Home library | Current library | Shelving location | Date acquired | Cost, normal purchase price | Total Checkouts | Full call number | Barcode | Date last seen | Date last checked out | Copy number | Cost, replacement price | Price effective from | Koha item type |
|---|---|---|---|---|---|---|---|---|---|---|---|---|---|---|---|---|---|---|
| Dewey Decimal Classification | London | London | Folio | 09/01/2007 | 33.00 | 3 | F690.231 YAT | 30073410 | 06/08/2019 | 20/05/2009 | 1 | 33.00 | 06/08/2019 | Book |